<?xml version="1.0" encoding="UTF-8"?>
<record
    xmlns:xsi="http://www.w3.org/2001/XMLSchema-instance"
    xsi:schemaLocation="http://www.loc.gov/MARC21/slim http://www.loc.gov/standards/marcxml/schema/MARC21slim.xsd"
    xmlns="http://www.loc.gov/MARC21/slim">

  <leader>01729nam a2200289 u 4500</leader>
  <controlfield tag="001">1262876</controlfield>
  <controlfield tag="005">20260508071828.0</controlfield>
  <controlfield tag="008">111102s2000                        spa  </controlfield>
  <datafield tag="020" ind1=" " ind2=" ">
    <subfield code="a">9687529873</subfield>
  </datafield>
  <datafield tag="035" ind1=" " ind2=" ">
    <subfield code="a">1262876</subfield>
  </datafield>
  <datafield tag="040" ind1=" " ind2=" ">
    <subfield code="c">comduadb</subfield>
  </datafield>
  <datafield tag="041" ind1=" " ind2=" ">
    <subfield code="a">spa</subfield>
  </datafield>
  <datafield tag="082" ind1=" " ind2="4">
    <subfield code="a">005</subfield>
  </datafield>
  <datafield tag="100" ind1="1" ind2="0">
    <subfield code="a">Bronson, Gary J.</subfield>
    <subfield code="4">aut</subfield>
    <subfield code="e">aut</subfield>
    <subfield code="9">585578</subfield>
  </datafield>
  <datafield tag="245" ind1="1" ind2="0">
    <subfield code="a">C++ para ingenier&#xED;a y ciencias</subfield>
  </datafield>
  <datafield tag="260" ind1=" " ind2=" ">
    <subfield code="a">M&#xE9;xico :</subfield>
    <subfield code="b">Thomson Learning,</subfield>
    <subfield code="c">2000.</subfield>
  </datafield>
  <datafield tag="300" ind1=" " ind2=" ">
    <subfield code="a">xviii, 862 p&#xE1;ginas :</subfield>
    <subfield code="b">ilustraciones.</subfield>
  </datafield>
  <datafield tag="505" ind1=" " ind2=" ">
    <subfield code="a">CONTENIDO : Cap&#xED;tulo 1: Introducci&#xF3;n. -- PARTE UNO: Programaci&#xF3;n orientada a procedimientos en C++. -- Cap&#xED;tulo 2: Soluci&#xF3;n de problemas mediante C++. -- Cap&#xED;tulo 3: Completando lo b&#xE1;sico. -- Cap&#xED;tulo 4: Estructuras de selecci&#xF3;n. -- Cap&#xED;tulo 5: Estructuras de repetici&#xF3;n. -- Cap&#xED;tulo 6: Modularidad usando funciones. -- PARTE DOS: Programaci&#xF3;n orientada a objetos. -- Cap&#xED;tulo 7: Corriente de archivo de E/S y archivo de datos. -- Cap&#xED;tulo 8: Introducci&#xF3;n a las clases. -- Cap&#xED;tulo 9: Funciones de clases y sus conversiones. -- PARTE TRES: Estructuras de datos. -- Cap&#xED;tulo 10: Arreglos. -- Cap&#xED;tulo 11: Apuntadores. -- Cap&#xED;tulo 12: Registros como estructuras de datos. -- PARTE CUATRO: Temas adicionales. -- Cap&#xED;tulo 13: M&#xE9;todos num&#xE9;ricos. -- Cap&#xED;tulo 14: Operaciones Bit-a-bit. -- Ap&#xE9;ndices. -- &#xCD;ndice.</subfield>
  </datafield>
  <datafield tag="650" ind1=" " ind2=" ">
    <subfield code="a">C++ (Lenguaje de programaci&#xF3;n de computadores)</subfield>
    <subfield code="9">29301</subfield>
  </datafield>
  <datafield tag="650" ind1=" " ind2=" ">
    <subfield code="a">Soluci&#xF3;n de problemas</subfield>
    <subfield code="9">7911</subfield>
  </datafield>
  <datafield tag="650" ind1=" " ind2="7">
    <subfield code="a">Estructuras de datos (Computadores)</subfield>
    <subfield code="2">armarc</subfield>
    <subfield code="9">45395</subfield>
  </datafield>
  <datafield tag="650" ind1=" " ind2=" ">
    <subfield code="a">M&#xE9;todos num&#xE9;ricos</subfield>
    <subfield code="9">31914</subfield>
  </datafield>
  <datafield tag="700" ind1="1" ind2="0">
    <subfield code="a">Neu, Emil</subfield>
    <subfield code="4">clb</subfield>
    <subfield code="e">clb</subfield>
    <subfield code="9">634870</subfield>
  </datafield>
  <datafield tag="700" ind1="1" ind2="0">
    <subfield code="a">Borse, G. J.</subfield>
    <subfield code="4">clb</subfield>
    <subfield code="e">clb</subfield>
    <subfield code="9">634871</subfield>
  </datafield>
  <datafield tag="700" ind1="1" ind2="0">
    <subfield code="a">Garc&#xED;a Bisogno, Virgilio</subfield>
    <subfield code="4">trl</subfield>
    <subfield code="e">trl</subfield>
    <subfield code="9">375217</subfield>
  </datafield>
  <datafield tag="942" ind1=" " ind2=" ">
    <subfield code="c">BOOK</subfield>
  </datafield>
  <datafield tag="999" ind1=" " ind2=" ">
    <subfield code="c">599252</subfield>
    <subfield code="d">599252</subfield>
  </datafield>
  <datafield tag="952" ind1=" " ind2=" ">
    <subfield code="0">0</subfield>
    <subfield code="1">0</subfield>
    <subfield code="4">0</subfield>
    <subfield code="7">0</subfield>
    <subfield code="8">GEN</subfield>
    <subfield code="a">BC</subfield>
    <subfield code="b">BC</subfield>
    <subfield code="d">2011-11-02</subfield>
    <subfield code="e">Material adquirido por donaci&#xF3;n</subfield>
    <subfield code="g">121000.00</subfield>
    <subfield code="i">C1129964</subfield>
    <subfield code="l">0</subfield>
    <subfield code="o">005.133 B869</subfield>
    <subfield code="p">798026</subfield>
    <subfield code="r">2023-05-01 00:00:00</subfield>
    <subfield code="t">1</subfield>
    <subfield code="w">2023-05-01</subfield>
    <subfield code="y">BOOK</subfield>
  </datafield>
</record>
